000
00184nam a2200085Ia 4500
008
170617s9999 xx 000 0 und d
100
_a
S L Bodhekar
245
0
_a
Pathophysiology
260
_b
Nirali
260
_c
2007
999
_c
15180
_d
15180